[Event "Campeonato de España Absoluto "]
[Site "Leon"]
[Date "2006.11.29"]
[Round "8.2"]
[White "Vega Gutierrez, Sabrina"]
[Black "Bellon Lopez, Juan Manuel"]
[Result "1-0"]
[WhiteElo "2299"]
[BlackElo "2438"]
[Annotator "MI Juan Mellado"]
[PlyCount "105"]
[EventDate "2006.11.22"]

1. e4 {La más joven promesa de nuestras chicas contra el más joven de nuestros
veteranos...sin duda la partida de la jornada.} c5 2. Nf3 e6 3. Nc3 a6 4. d4
cxd4 5. Nxd4 Qc7 6. f4 Nc6 7. Be3 b5 8. Bd3 Bb7 (8... b4 9. Na4 Bb7 10. Nb3 d6
11. Qe2 Nf6 12. Bb6 Qb8 13. O-O-O Be7 $11 {
Bellon Lopez,J-Kurajica,B/Surakarta 1982}) 9. Qf3 (9. Nb3 Nf6 (9... Na5 10.
Nxa5 Qxa5 11. a3 Qc7 12. O-O Nf6 13. e5 Nd5 14. Nxd5 Bxd5 15. b4 d6 16. Bd4 $14
{Sareen,V-Djingarova,E/Balaguer op 2006}) 10. O-O h5 11. h3 d6 12. Qe1 $14 {
Sax,G-Banikas,H/Bolzano 2000}) 9... Na5 (9... Nf6 10. O-O-O (10. Nb3 Nb4 11. a3
Nxd3+ 12. cxd3 d6 13. Rc1 Qd8 14. f5 Be7 15. fxe6 fxe6 16. Nd4 Qd7 17. Qh3 Bc8
18. O-O O-O 19. Rf3 $14 {Ivanchuk,V-Gdanski,J/Groningen 1986}) (10. O-O Nxd4
11. Bxd4 Bc5 12. Bxc5 Qxc5+ 13. Kh1 b4 $11 {Sax,G-Kosmac,B/Pula 1999}) 10...
Rc8 (10... Nxd4 11. Bxd4 Bc5 12. Bxc5 Qxc5 13. Qg3 $14 {
Vega Gutierrez,S-Manso Marquez,F/San Sebastian 2005}) 11. g4 (11. Kb1 d6 12. g4
Nd7 13. g5 Be7 14. Qh3 Nc5 15. g6 fxg6 16. Nxe6 $16 {
Vega Gutierrez,B-Paredes Cordo,J/Mondariz 2004}) 11... d5 12. e5 Ne4 13. Nce2
Nxd4 14. Bxd4 Bc5 $11) 10. O-O-O $6 {
Es posible que la jugada anterior del negro sorprendiera a Sabrina.} (10. O-O
Nc4 (10... Nf6 11. Nb3 Nc4 12. Bd4 d6 13. Rae1 Be7 14. Qg3 $13 {
Browne-Kurajica Sarajevo 1970}) 11. Bxc4 Qxc4 12. f5 Nf6 13. fxe6 fxe6 14. Qf4
Be7 15. e5 g5 16. Qf2 Ng4 17. Qf7+ Kd8 18. Rad1 Nxe3 19. Nxe6+ Kc8 20. Qg7 Qxe6
{0-1 Ubach,M-Sion,M/Terrassa 1992}) 10... Nf6 11. g4 Nc4 12. Bxc4 (12. g5 Nxb2
13. Kxb2 Ba3+ 14. Kxa3 Qxc3+ 15. Nb3 b4+ 16. Ka4 a5 17. Bb5 Qb2 $19) 12... Qxc4
$17 {El ataque del negro es más rápido y efectivo, ya que, a la vez, toca las
debilidades blancas.} 13. g5 ({Consecuente.} 13. Rd3 b4 14. b3 Qc7 15. g5 bxc3
16. gxf6 gxf6 $17) 13... b4 14. gxf6 bxc3 15. fxg7 Bxg7 $2 ({
Sorprendente que Bellón no eligiera:} 15... cxb2+ $1 16. Kb1 Bxg7 $17) 16. b3
$1 Qb4 (16... Qc5 17. Kb1 $11) 17. Kb1 $13 Bf6 18. Rhg1 Rc8 19. Qe2 $5 (19. f5
e5) 19... Bxe4 20. f5 $40 e5 $4 {La posición es endiablada.} (20... Qb7 21. Qh5
$44) (20... Bb7 21. fxe6 dxe6 22. Nxe6 $1 fxe6 23. Qh5+ Ke7 24. Bg5 $18) 21.
Qxa6 $1 Ke7 {Bellón confiaba en esta jugada pero.....} 22. Qxf6+ $3 Kxf6 23.
Bg5+ Kg7 24. Be7+ Kh6 25. Bxb4 exd4 26. Rxd4 d5 27. Rg3 (27. f6 $1 {
es más precisa.} Rhg8 28. Rxg8 Rxg8 29. Bxc3 Rg2 30. Rd2 $18) 27... Rhg8 28.
Rxg8 Rxg8 29. Bxc3 Kg5 (29... Rg1+ 30. Kb2 Kg5 {
es algo mejor, pero seguramente no cambiaría el resultado final.}) 30. a4 $6 (
30. f6 $1 $18) 30... Kxf5 31. Kb2 $6 Ke6 (31... Rg2 $1 32. Rd2 d4 $1 33. Bb4
Ke5 34. Rxg2 Bxg2 35. a5 f5 36. a6 Ba8 $16 {era más difícil para las blancas.})
32. b4 f5 33. Rd2 f4 34. Bd4 f3 35. b5 {El final es sencillo.} Rc8 36. Kb3 Kd6
37. c3 Bf5 38. Rf2 Bg4 39. a5 Rb8 40. Kb4 Bd7 41. b6 Bg4 42. a6 Kc6 43. b7 Re8
44. Ba7 Kc7 45. b8=Q+ Rxb8+ 46. Bxb8+ Kxb8 47. Kc5 Ka7 48. Kxd5 Kxa6 49. c4 Kb7
50. Kd6 Kc8 51. c5 Kb7 52. c6+ Ka7 53. Kc7 {
Buena victoria de Sabrina Vega  que a sus 19 años su progreso es evidente.} 1-0

[Event "Campeonato de España Absoluto "]
[Site "Leon"]
[Date "2006.11.30"]
[Round "9.2"]
[White "Andres Gonzalez, Alberto"]
[Black "Vega Gutierrez, Sabrina"]
[Result "1-0"]
[WhiteElo "2426"]
[BlackElo "2299"]
[PlyCount "93"]
[EventDate "2006.11.22"]

{Los aficionados estaban pendientes de esta partida: flotaba en el ambiente la
posible clasificación de Sabrina para el cerrado del año que viene .} 1. d4 d5
2. Nf3 c6 3. c4 e6 4. Qc2 dxc4 5. Qxc4 Nf6 6. Bg5 b5 7. Qb3 Bb7 8. Nbd2 (8. Nc3
Nbd7 9. e3 a6 10. a4 Be7 (10... Qa5 11. Bxf6 gxf6 12. Be2 b4 13. O-O c5 $11 {
Lechtynsky,J-Haba,P/Pardubice 2003}) 11. Be2 b4 12. Bxf6 Nxf6 13. O-O c5 14.
dxc5 Bxc5 15. Nb1 O-O 16. a5 Ne4 $15 {Ikonnikov,V-Krasenkow,M/Vlissingen 2006})
(8. e4 Nbd7 9. Nc3 h6 10. Bh4 g5 11. Bg3 Nh5 $13 {
Ikonnikov,V-Nogueiras,J/Santo Domingo 2006}) 8... Nbd7 9. a4 a6 10. e4 (10. e3
h6 (10... Qa5 11. Ra2 Qb4 12. Bd3 Nd5 13. Ra1 h6 14. Bh4 Qxb3 15. Nxb3 Nb4 16.
Bb1 c5 $11 {Konopka,M-Haba,P/Austria 2004}) 11. Bxf6 (11. Bh4 Bd6 12. Be2 O-O
13. O-O Qb8 14. e4 $14 {Werle,J-Van der Werf,M/Netherlands 2006}) 11... gxf6
12. Be2 Rg8 13. O-O $14 {Gulkov,I-Melnikova,Y/Serpukhov 2003}) 10... h6 (10...
Be7 $6 11. e5 Nd5 12. Bxe7 Qxe7 13. Ne4 $14 {Es bastante desagradable.}) (10...
Qa5 $5 11. Bd3 Nb6 12. O-O Nxa4 {Es digna de consideración.}) 11. Bh4 (11. Be3
$5) 11... Qb6 $5 {
Aquí Sabrina invirtió mucho tiempo...habían muchas alternativas.} (11... Qa5 $5
) (11... g5 12. Bg3 Qa5 $5 (12... c5 $5 13. axb5 axb5 14. Rxa8 Qxa8 15. Bxb5
Qa1+ 16. Ke2 Qxh1 17. Bxd7+ Nxd7 18. Qxb7 $18) 13. Ra2 $14) 12. Bxf6 $1 (12.
Bd3 g5 13. Bg3 g4 {
cayendo d4, que era la maligna idea de Db6 además de desclavarse.}) 12... Nxf6
(12... gxf6 13. Bd3 $14) 13. Bd3 Be7 14. O-O O-O 15. Rfc1 (15. e5 Nd5 16. Ne4
Nf4 17. Rfc1 Rfd8 $13) (15. Nc4 Qc7 16. Nce5 c5 $13) 15... Rfd8 (15... Nd7 $5 {
impidiendo la continuación de la partida.}) 16. Nc4 Qc7 17. Nce5 (17. axb5 axb5
18. Rxa8 Rxa8 19. Nce5 Bf8 $11 20. Bxb5 $4 cxb5 21. Rxc7 Ra1+ {
no sería fácil para el blanco.}) 17... Rac8 $6 (17... Bd6 $11) 18. axb5 axb5
19. Nxf7 $1 {Golpe táctico que omitieron las negras.} Kxf7 20. Ne5+ Ke8 (20...
Kg8 {Que aparentemente era mejor,no resiste un análisis riguroso.} 21. Qxe6+
Kh7 22. Qf5+ Kg8 23. Bxb5 Rxd4 24. Nxc6 $18) 21. Qxe6 {
Los daños colaterales del sacrificio son evidentes.} Rxd4 $1 (21... Rd6 22.
Qf7+ Kd8 23. Qxg7 $18) 22. Bxb5 (22. Qf7+ Kd8) 22... Rxe4 $2 {La tensión y la
complejidad de la partida impide razonar con frialdad. La lógica:} (22... Qd6
$1 {mantenía a las negras en la partida.} 23. Nxc6 Rxc6 24. Bxc6+ Bxc6 25. Qxd6
Rxd6 26. e5 Re6 27. Ra6 Kd7 28. exf6 Bxf6 $11) 23. Qf7+ Kd8 24. Rd1+ Bd6 25.
Qf8+ Ne8 26. Rxd6+ $1 Qxd6 27. Nf7+ Kc7 28. Nxd6 Nxd6 29. Qxg7+ $18 Kb6 30. Bd3
Re6 31. Qc3 Kc7 32. Qa5+ Kb8 33. Qb6 Rce8 34. h4 Nc8 35. Qb4 Kc7 36. Bf5 Re5
37. Qf4 Nd6 38. Bg6 R8e6 39. b4 Kb6 40. h5 Rg5 41. Qd4+ Kc7 42. Qg7+ Kb6 43.
Qxh6 Rg4 44. Qd2 Bc8 45. f3 Rc4 46. Bd3 Rd4 47. Qf2 {De todas formas,buen
torneo de Sabrina Vega que consiguió, pese a la derrota, norma de GM femenina.}
1-0

[Event "Campeonato de España "]
[Site "?"]
[Date "2006.11.30"]
[Round "9.2"]
[White "Vallejo, F."]
[Black "Del Rio, G."]
[Result "1-0"]
[WhiteElo "2674"]
[BlackElo "2492"]
[Annotator "GM Campos Moreno y GM Conquest"]
[PlyCount "79"]
[EventDate "2006.11.30"]
[SourceDate "2006.11.30"]

1. e4 c5 2. Ne2 e6 3. d4 cxd4 4. Nxd4 a6 5. Nc3 Nc6 6. f3 {
Un procedimiento actual .} d5 {Del Rio decide elegir una variante que lleva a
un final ligeramente inferior, seguramente pretendiendo esquivar la
preparación de Vallejo. El problema de esta decisión es que  la posición  es
demasiado triste, sin recursos dinámicos y donde las cualidades creativas de
Gabriel no tienen ninguna posibilidad de desplegarse. Paco jugará muy cómodo.}
({Las variantes que mencionamos dan una ligera idea de las diferentes y
complicadas posibilidades que se pueden investigar.} 6... Qc7 7. Be3 b5 8. Qd2
Ne5 9. O-O-O Bb7 10. Bf4 Nf6 11. Bg3 Rc8 12. Kb1 d6 13. Ndxb5 $13 {
1/2-1/2 Grischuk,A-Rublevsky,S/Foros 2006}) (6... Nxd4 7. Qxd4 Ne7 8. Be3 b5 (
8... Nc6 9. Qb6 Bd6 10. Qxd8+ Kxd8 11. Na4 b5 12. Nb6 Rb8 13. Nxc8 $14 {
Shomaev-Kobalia,2006}) 9. Qe5 Nc6 10. Qg3 Qa5 11. O-O-O (11. Bd3 $13) 11... b4
12. Nd5 exd5 13. exd5 $15 {Vallejo-Kobalia,2006}) 7. exd5 Qh4+ $6 (7... exd5 8.
Be3 Nf6 9. Qd2 Bb4 $13) (7... Nb4 8. Nb3 Nxd5 9. Nxd5 exd5 10. Be3 $13) 8. g3
Qxd4 9. dxc6 Qxd1+ 10. Nxd1 bxc6 11. Ne3 Nf6 12. Nc4 Nd5 13. Bd2 Bb4 14. Na5
Bxd2+ (14... c5 15. a3 Bxa5 16. Bxa5 Bb7 17. Kf2 Ke7 18. Bc4 $16) 15. Kxd2 Kd7
(15... Rb8 $5 16. b3 (16. Nxc6 Rxb2 17. Bd3 Rb6 18. Na5 $14) (16. Bc4 $5 Kd7
17. Rad1 Kc7 18. Rhe1 $14) 16... Kd7 17. c4 Nf6 18. Kc3 Kc7 19. Bd3 $14) 16. c4
Ne7 17. Bg2 $1 {Una alternativa para incrementar la presión, el blanco tiene
un juego muy libre sin riesgo.} Kc7 18. f4 Kb6 19. b4 Ra7 20. c5+ $1 {
Una jugada ambiciosa, fija el peón de c6 y le da nuevos puntos de apoyo a su
caballo, pero cede una casilla en la cual el caballo negro entrará en juego.
El resultado es claramente favorable para el blanco.} ({Muy interesante es:} 
20. Rad1 c5 {
La eliminación del peón debil de c6 no acaban con los problemas del negro.} 21.
a3 Rd7+ 22. Kc3 Rhd8 23. Rxd7 Rxd7 24. Nb3 cxb4+ 25. axb4 $14) 20... Kc7 21. a3
Bd7 22. Rad1 Raa8 23. Kc2 Nd5 24. Rhe1 h6 25. Nc4 g5 $6 {Colabora con la
apertura de la posición que sólamente favorece los intereses del blanco debido
a la excelente coordinación de sus piezas. Paco concluirá la partida de forma
sencilla y precisa.} (25... Rhd8 26. h4 h5 27. Rd3 g6 28. Red1 Be8 {El control
de la posición del blanco es total pero aún debe encontrar un plan de ruptura.}
) 26. f5 Rhe8 (26... exf5 27. Nb6 Rae8 (27... Rad8 28. Bxd5 cxd5 29. Re7 $18)
28. Bxd5 cxd5 29. Rxe8 Rxe8 30. Nxd7 Kxd7 31. Rxd5+ $18) 27. Nd6 Rf8 (27... Re7
28. Bxd5 cxd5 29. Rxd5 $18) 28. Bxd5 cxd5 29. Kc3 Rab8 30. Kd4 a5 31. Rb1 axb4
32. axb4 exf5 33. Re7 Kd8 34. Rxf7 Rxf7 35. Nxf7+ Kc7 36. Nd6 f4 37. gxf4 gxf4
38. b5 Rg8 39. b6+ Kb8 (39... Kc6 40. Nf7 $18) 40. Rf1 {Por primera vez en su
vida Paco Vallejo conquista el título de Campeón de España. Estamos seguros de
que lo obtendrá otras muchas. Felicitaciones campeón.} 1-0